Number theory / (Record no. 7828)
[ view plain ]
| 000 -LEADER | |
|---|---|
| fixed length control field | 00680nam a22002417a 4500 |
| 001 - CONTROL NUMBER | |
| control field | 7828 |
| 003 - CONTROL NUMBER IDENTIFIER | |
| rucl marc code | BD-RjUL |
| 005 - DATE AND TIME OF LATEST TRANSACTION | |
| control field | 20211208234501.0 |
| 008 - FIXED-LENGTH DATA ELEMENTS--GENERAL INFORMATION | |
| fixed length control field | 140116s1964 enk||||| |||| 001 0 eng d |
| 035 ## - SYSTEM CONTROL NUMBER | |
| System control number | (BD-RjUL)7872 |
| 040 ## - CATALOGING SOURCE | |
| Original cataloging agency | BD-RjUL |
| Language of cataloging | eng |
| Transcribing agency | BD-RjUL |
| 041 ## - LANGUAGE CODE | |
| Language code of text/sound track or separate title | eng |
| 082 00 - DEWEY DECIMAL CLASSIFICATION NUMBER | |
| Classification number | 512.81 |
| Author mark and year | HUN 1964 |
| 100 1# - MAIN ENTRY--PERSONAL NAME | |
| Personal name | Hunter J. |
| 9 (RLIN) | 20752 |
| 245 10 - TITLE STATEMENT | |
| Title | Number theory / |
| Statement of responsibility, etc. | by J Hunter |
| 260 ## - PUBLICATION, DISTRIBUTION, ETC. (IMPRINT) | |
| Place of publication, distribution, etc. | Edinburgh ; |
| -- | New York : |
| Name of publisher, distributor, etc. | Oliver & Boyd; |
| -- | Interscience Publishers, |
| Date of publication, distribution, etc. | 1964. |
| 300 ## - PHYSICAL DESCRIPTION | |
| Pagination | ix, 149 p. : |
| Size | 19 cm. |
| 490 ## - SERIES STATEMENT | |
| Series statement | University mathematical texts. |
| 504 ## - BIBLIOGRAPHY, ETC. NOTE | |
| Bibliography, etc | Includes index. |
| 650 #0 - SUBJECT ADDED ENTRY--TOPICAL TERM | |
| Topical term or geographic name as entry element | Number theory. |
| 9 (RLIN) | 24417 |
| Topical term or geographic name as entry element | Zahlentheorie. |
| 9 (RLIN) | 24418 |
| 942 ## - ADDED ENTRY ELEMENTS (KOHA) | |
| Source of classification or shelving scheme | Dewey Decimal Classification |
| Koha item type | Books |
| Lost status | Source of classification or shelving scheme | Damaged status | Not for loan | Collection code | Permanent Location | Current Location | Shelving location | Date acquired | Source of acquisition | Cost, normal purchase price | Total Checkouts | Full call number | Date last seen | Copy number | Koha item type |
|---|---|---|---|---|---|---|---|---|---|---|---|---|---|---|---|
| Dewey Decimal Classification | Not For Loan | Non-fiction | Central Library, University of Rajshahi | Central Library, University of Rajshahi | 30/10/1969 | Zeit | 13.60 | 512.81 HUN 1964 | 16/01/2014 | C-1 | Books | ||||
| Dewey Decimal Classification | Non-fiction | Central Library, University of Rajshahi | Central Library, University of Rajshahi | 30/10/1969 | Zeit | 13.60 | 512.81 HUN 1964 | 27/08/2016 | C-2 | Books | |||||
| Dewey Decimal Classification | Non-fiction | Central Library, University of Rajshahi | Central Library, University of Rajshahi | 30/10/1969 | Zeitlinger | 13.60 | 512.81 HUN 1964 | 27/08/2016 | C-3 | Books | |||||
| Dewey Decimal Classification | Non-fiction | Central Library, University of Rajshahi | Central Library, University of Rajshahi | 30/10/1969 | Zeitlinger | 13.60 | 512.81 HUN 1964 | 27/08/2016 | C-4 | Books | |||||
| Dewey Decimal Classification | Non-fiction | Central Library, University of Rajshahi | Central Library, University of Rajshahi | 30/10/1969 | Zeitlinger | 13.60 | 512.81 HUN 1964 | 27/08/2016 | C-5 | Books | |||||
| Dewey Decimal Classification | Non-fiction | Central Library, University of Rajshahi | Central Library, University of Rajshahi | 30/10/1969 | Zeitlinger | 13.60 | 512.81 HUN 1964 | 27/08/2016 | C-6 | Books | |||||
| Dewey Decimal Classification | Non-fiction | Central Library, University of Rajshahi | Central Library, University of Rajshahi | 30/10/1969 | Zeitlinger | 13.60 | 512.81 HUN 1964 | 27/08/2016 | C-7 | Books | |||||
| Dewey Decimal Classification | Non-fiction | Central Library, University of Rajshahi | Central Library, University of Rajshahi | 30/10/1969 | Zeitlinger | 13.60 | 512.81 HUN 1964 | 27/08/2016 | C-8 | Books | |||||
| Dewey Decimal Classification | Non-fiction | Central Library, University of Rajshahi | Central Library, University of Rajshahi | 30/10/1969 | Zeitlinger | 13.60 | 512.81 HUN 1964 | 27/08/2016 | C-9 | Books | |||||
| Dewey Decimal Classification | Non-fiction | Central Library, University of Rajshahi | Central Library, University of Rajshahi | 30/10/1969 | Zeitlinger | 13.60 | 512.81 HUN 1964 | 27/08/2016 | C-10 | Books |